5HLuxD.jpg

KING HENRY VIII SENIOR AND PRIMARY SCHOOL LIBRARY OPAC

Look what I've got! / (Record no. 2506)

000 -LEADER
fixed length control field 00942cam a2200253 a 4500
001 - CONTROL NUMBER
control field (Sirsi) a749949
003 - CONTROL NUMBER IDENTIFIER
control field OSt
005 - DATE AND TIME OF LATEST TRANSACTION
control field 20230621101425.0
008 - FIXED-LENGTH DATA ELEMENTS--GENERAL INFORMATION
fixed length control field 120613r20101980enka b 000 f eng
020 ## - INTERNATIONAL STANDARD BOOK NUMBER
International Standard Book Number 9781406326253 (pbk.) :
040 ## - CATALOGING SOURCE
Original cataloging agency TAE
Language of cataloging eng
Transcribing agency TAE
Modifying agency KH8
042 ## - AUTHENTICATION CODE
Authentication code nbic
082 0# - DEWEY DECIMAL CLASSIFICATION NUMBER
Classification number 823.914 BRO
100 1# - MAIN ENTRY--PERSONAL NAME
Personal name Browne, Anthony,
Dates associated with a name 1946-
Relator term author
245 10 - TITLE STATEMENT
Title Look what I've got! /
Statement of responsibility, etc. Anthony Browne.
260 ## - PUBLICATION, DISTRIBUTION, ETC.
Place of publication, distribution, etc. London :
Name of publisher, distributor, etc. Walker,
Date of publication, distribution, etc. 2010.
300 ## - PHYSICAL DESCRIPTION
Extent [32] p. :
Other physical details chiefly col. ill. ;
Dimensions 26 cm. +
Accompanying material 1 sound disc (digital ; 4 3/4 in.)
500 ## - GENERAL NOTE
General note Originally published: London: Julia MacRae, 1980.
520 ## - SUMMARY, ETC.
Summary, etc. Jeremy keeps trying to impress Sam by boasting of all his belongings and activities but in the end it is Sam who has the last word and the last laugh.
521 1# - TARGET AUDIENCE NOTE
Target audience note 4-8.
650 #0 - SUBJECT ADDED ENTRY--TOPICAL TERM
Topical term or geographic name entry element Selfishness
Form subdivision Pictorial works
-- Juvenile fiction.
650 #0 - SUBJECT ADDED ENTRY--TOPICAL TERM
Topical term or geographic name entry element Sharing
Form subdivision Pictorial works
-- Juvenile fiction.
942 ## - ADDED ENTRY ELEMENTS (KOHA)
Source of classification or shelving scheme
Koha item type Books - Fiction
Holdings
Withdrawn status Lost status Source of classification or shelving scheme Damaged status Not for loan Collection code Permanent Location Current Location Shelving location Date acquired Total Checkouts Full call number Barcode Date last seen Date last checked out Price effective from Koha item type
          Fiction KH8 Primary School Library KH8 Primary School Library Non Fiction 2023-06-21 12 823.914 BRO KHPL000004259 2026-04-15 2026-04-08 2023-06-21 Books - Fiction

Powered By KH8 IT Dept